Phân lập vi khuẩn chứa gen nifh ở cây lúa : (Chuyên ngành: Công nghệ sinh học)

Nội dung đề tài là phân lập và nhận diện một số dòng vi khuẩn chứa gen nifH cho lúa nhằm góp phần tăng phẩm chất lúa gạo, tăng thế cạnh tranh trong thời hội nhập.

Shranjeno v:
Bibliografske podrobnosti
Glavni avtor: Phan, Hoàng Tuấn
Format: Knjiga
Jezik:Undetermined
Izdano: Cần Thơ Trường Đại học Cần Thơ 2007
Teme:
Oznake: Označite
Brez oznak, prvi označite!
Thư viện lưu trữ: Trung tâm Học liệu Trường Đại học Cần Thơ
LEADER 01085nam a2200229Ia 4500
001 CTU_135637
008 210402s9999 xx 000 0 und d
082 |a 660.6 
082 |b T502 
088 |a 60420201 
100 |a Phan, Hoàng Tuấn 
245 0 |a Phân lập vi khuẩn chứa gen nifh ở cây lúa : 
245 0 |b (Chuyên ngành: Công nghệ sinh học) 
245 0 |c Phan Hoàng Tuấn ; Nguyễn Hữu Hiệp giáo viên hướng dẫn 
260 |a Cần Thơ 
260 |b Trường Đại học Cần Thơ 
260 |c 2007 
520 |a Nội dung đề tài là phân lập và nhận diện một số dòng vi khuẩn chứa gen nifH cho lúa nhằm góp phần tăng phẩm chất lúa gạo, tăng thế cạnh tranh trong thời hội nhập. 
650 |a Agricultural biotechnology,Rice,Công nghệ sinh học nông nghiệp,Lúa 
650 |x Research,Nghiên cứu 
904 |i Tuyến 
980 |a Trung tâm Học liệu Trường Đại học Cần Thơ